<?xml version="1.0" encoding="UTF-8"?>
<record
    xmlns:xsi="http://www.w3.org/2001/XMLSchema-instance"
    xsi:schemaLocation="http://www.loc.gov/MARC21/slim http://www.loc.gov/standards/marcxml/schema/MARC21slim.xsd"
    xmlns="http://www.loc.gov/MARC21/slim">

  <leader>01558nam a22002657a 4500</leader>
  <controlfield tag="008">150526b        xxu||||| |||| 00| 0 spa d</controlfield>
  <datafield tag="020" ind1=" " ind2=" ">
    <subfield code="a">9786074624168</subfield>
  </datafield>
  <datafield tag="082" ind1=" " ind2=" ">
    <subfield code="a">327.72 L148h</subfield>
  </datafield>
  <datafield tag="100" ind1=" " ind2=" ">
    <subfield code="a">Lajous Vargas, Roberto</subfield>
    <subfield code="e">autor</subfield>
  </datafield>
  <datafield tag="245" ind1=" " ind2=" ">
    <subfield code="a">Historia M&#xED;nima de las Relaciones Exteriores de M&#xE9;xico, 1821-2000</subfield>
    <subfield code="c">/  Roberto Lajous Vargas</subfield>
  </datafield>
  <datafield tag="260" ind1=" " ind2=" ">
    <subfield code="a"> M&#xE9;xico</subfield>
    <subfield code="b">: El Colegio de M&#xE9;xico</subfield>
    <subfield code="c">, 2012</subfield>
  </datafield>
  <datafield tag="300" ind1=" " ind2=" ">
    <subfield code="a">369 p&#xE1;ginas</subfield>
  </datafield>
  <datafield tag="337" ind1=" " ind2=" ">
    <subfield code="a">texto</subfield>
  </datafield>
  <datafield tag="338" ind1=" " ind2=" ">
    <subfield code="a">sin medio</subfield>
  </datafield>
  <datafield tag="339" ind1=" " ind2=" ">
    <subfield code="a">volumen</subfield>
  </datafield>
  <datafield tag="490" ind1=" " ind2=" ">
    <subfield code="a">Historia M&#xED;nima</subfield>
  </datafield>
  <datafield tag="500" ind1=" " ind2=" ">
    <subfield code="a">Segunda reimpresi&#xF3;n, abril 2013
Imagen de portada:: Tratado de Amistad, Comercio y Navegaci&#xF3;n entre M&#xE9;xico y Per&#xFA;, 1833.
Lecturas recomendadas al final de cada cap&#xED;tulo.</subfield>
  </datafield>
  <datafield tag="505" ind1=" " ind2=" ">
    <subfield code="a">Prologo.
Introducci&#xF3;n.
EL reconocimiemnto internacional de M&#xE9;xico, 1821-1836.
La p&#xE9;rdida de territorio mexicano a favor de Estados Unidos, 1836-1853.
La reforma, la intervwnci&#xF3;n y la republica restaurada, 1854-1876.
El porfiriato, 1877-1911.
La revoluci&#xF3;n mexicana y la primera guerra mundial, 1911-1920.
La era del nacionalismo, 192-1940.
La segunda guerra mundial, 1914-1946.
La guerra fr&#xED;a, 1947-1969.
La d&#xE9;tente y el fin de la guerra fr&#xED;a, 1969-1989.
La integraci&#xF3;n a la econom&#xED;a mundial, 1990-2000.</subfield>
  </datafield>
  <datafield tag="650" ind1="1" ind2="4">
    <subfield code="a">RELACIONES EXTERIORES</subfield>
    <subfield code="y">SIGLO XIX</subfield>
    <subfield code="z">M&#xC9;XICO</subfield>
  </datafield>
  <datafield tag="650" ind1="2" ind2="4">
    <subfield code="a">RELACIONES EXTERIORES</subfield>
    <subfield code="y">SIGLO XX</subfield>
    <subfield code="z">M&#xC9;XICO</subfield>
  </datafield>
  <datafield tag="650" ind1="3" ind2="4">
    <subfield code="a">M&#xC9;XICO</subfield>
    <subfield code="x">HISTORIA</subfield>
    <subfield code="y">SIGLO XIX</subfield>
  </datafield>
  <datafield tag="650" ind1="4" ind2="4">
    <subfield code="a">M&#xC9;XICO</subfield>
    <subfield code="x">HISTORIA</subfield>
    <subfield code="y">SIGLO XX</subfield>
  </datafield>
  <datafield tag="942" ind1=" " ind2=" ">
    <subfield code="2">ddc</subfield>
    <subfield code="c">LB</subfield>
  </datafield>
  <datafield tag="952" ind1=" " ind2=" ">
    <subfield code="0">0</subfield>
    <subfield code="1">0</subfield>
    <subfield code="2">ddc</subfield>
    <subfield code="4">0</subfield>
    <subfield code="7">0</subfield>
    <subfield code="a">01</subfield>
    <subfield code="b">01</subfield>
    <subfield code="d">2015-05-26</subfield>
    <subfield code="l">14</subfield>
    <subfield code="m">1</subfield>
    <subfield code="o">327.72 L148h</subfield>
    <subfield code="p">01 013419</subfield>
    <subfield code="r">2019-07-31</subfield>
    <subfield code="s">2019-07-31</subfield>
    <subfield code="t">1</subfield>
    <subfield code="w">2015-05-26</subfield>
    <subfield code="y">LB</subfield>
  </datafield>
  <datafield tag="999" ind1=" " ind2=" ">
    <subfield code="c">96595</subfield>
    <subfield code="d">96595</subfield>
  </datafield>
</record>
